书目信息 |
| 题名: |
女人要懂说话心理学
|
|
| 作者: | 艺熙 编著 | |
| 分册: | ||
| 出版信息: | 北京 中国纺织出版社 2017 |
|
| 页数: | 277页 | |
| 开本: | 24cm | |
| 丛书名: | ||
| 单 册: | ||
| 中图分类: | C912.13-49 | |
| 科图分类: | ||
| 主题词: | 女性--心理交往--语言艺术--通俗读物 | |
| 电子资源: | ||
| ISBN: | 978-7-5180-3237-2 | |
| 000 | 00837nam0 2200229 450 | |
| 001 | 012001004051 | |
| 005 | 20140928162348.0 | |
| 010 | @a978-7-5180-3237-2@dCNY35.00 | |
| 100 | @a20170905d2017 em y0chiy50 ea | |
| 101 | 0 | @achi |
| 102 | @aCN@b110000 | |
| 105 | @ay z 000yy | |
| 106 | @ar | |
| 200 | 1 | @a女人要懂说话心理学@9nv ren yao dong shuo hua xin li xue@f艺熙编著 |
| 210 | @a北京@c中国纺织出版社@d2017 | |
| 215 | @a277页@d24cm | |
| 330 | @a本书帮助女性学习一些常用的心理学知识,从人际交往、求职面试、职场竞争、家庭婚姻等方面,为广大女性传授诸多口才方面的实用技巧,使她们在人际交往中高效地与人沟通,从而获得事业的成功,收获人生的幸福。 | |
| 606 | 0 | @a女性@x心理交往@x语言艺术@j通俗读物 |
| 690 | @aC912.13-49@v5 | |
| 701 | 0 | @a艺熙@9yi xi@4编著 |
| 801 | 0 | @aCN@b上海新华@c20180901 |
| 905 | @b1170140-4@dC912.13-49@e1527@f5 | |
| 女人要懂说话心理学/艺熙编著.-北京:中国纺织出版社,2017 |
| 277页;24cm |
| ISBN 978-7-5180-3237-2:CNY35.00 |
| 本书帮助女性学习一些常用的心理学知识,从人际交往、求职面试、职场竞争、家庭婚姻等方面,为广大女性传授诸多口才方面的实用技巧,使她们在人际交往中高效地与人沟通,从而获得事业的成功,收获人生的幸福。 |
| ● |
| 相关链接 |
|
|
|
|
正题名:女人要懂说话心理学
索取号:C912.13-49/1527
 
预约/预借
| 序号 | 登录号 | 条形码 | 馆藏地/架位号 | 状态 | 备注 |
| 1 | 1170140 | 211701407 | 第一样本阅览室/ [索取号:C912.13-49/1527] | 在馆 | |
| 2 | 1170141 | 211701416 | 第一借阅区/ [索取号:C912.13-49/1527] | 在馆 | |
| 3 | 1170142 | 211701425 | 第一借阅区/ [索取号:C912.13-49/1527] | 在馆 | |
| 4 | 1170143 | 211701434 | 第一借阅区/ [索取号:C912.13-49/1527] | 在馆 | |
| 5 | 1170144 | 211701443 | 密集书库-文学院/ [索取号:C912.13-49/1527] | 在馆 |